Statistics for Groups of British Things - Click Quiz

Click here to take the quiz!

General Stats

  • This quiz has been taken 145 times
  • The average score is 13 of 15

Answer Stats

HintAnswer% Correct
George, Paul, JohnBeatles
99%
Dipsy, La La, PoTeletubbies
99%
Jane, Anne, CatherineWives of Henry VIII
99%
Scary, Ginger, BabySpice Girls
98%
Lulu, Bucks Fizz, Katrina and the WavesEurovision Winners
96%
Central, District, JubileeLondon Underground Lines
96%
19, 21, 25Adele Albums
93%
Gatwick, Stansted, CityLondon Airports
90%
Bruno, Haye, FuryBoxers
88%
Blackpool, Newquay, ScarboroughSeaside Towns
86%
Lomond, Maree, MorarScottish Lochs
83%
New Forest, Exmoor, The BroadsNational Parks
82%
Down, Antrim, TyroneNorthern Irish Counties
72%
Caldey, Bardsey, SkokholmWelsh Islands
57%
St.Mary's, Tresco, St.Martin'sIsles of Scilly
51%

Score Distribution

Percentile by Number Answered

Percent of People with Each Score

Your Score History

You have not taken this quiz